Monolitická železobetónová stropná konštrukcia

Na minha lista:
Detalhes bibliográficos
Autor principal: Freudenberger, Klara (Author)
Outros Autores: Borzovič, Viktor (Thesis advisor)
Formato: Manuscrito Livro
Idioma:eslovaco
Publicado em: 2018
Assuntos:
Acesso em linha:http://is.stuba.sk/zp/portal_zp.pl?podrobnosti=124219
https://opac.crzp.sk/?fn=detailBiblioForm&sid=CB745B58B0F7E53C0059CA6F3E25
Tags: Adicionar Tag
Sem tags, seja o primeiro a adicionar uma tag!

MARC

LEADER 00000ntm a22000003a 4500
001 stuzp68331
003 SK-STU
005 20230616115522.0
007 ta
008 150427s2015----xo-----f-mn---000-0-slo-d
040 |a STU  |b slo 
041 0 |a slo 
100 1 |a Freudenberger, Klara  |u 010110  |4 aut  |U SvF Stavebná fakulta  |T SvF Katedra betónových konštrukcií a mostov  |X 63084  |U V110  |Y 11  |7 63084 
242 0 1 |a Cast in-situ concrete slab  |y eng 
245 1 0 |a Monolitická železobetónová stropná konštrukcia 
260 |c 2018 
650 4 |a bezprievlaková stropná doska  |2 slo 
650 4 |a vystuženie  |2 slo 
650 4 |a železobetón  |2 slo 
650 4 |a reinforced concrete  |2 eng 
650 4 |a flat slab  |2 eng 
650 4 |a reinforcement  |2 eng 
700 1 |a Borzovič, Viktor  |u 010110  |k Z1  |4 ths  |U SvF Stavebná fakulta  |T SvF Katedra betónových konštrukcií a mostov  |X 3688  |U V110  |Y 11  |7 A000003688 
856 4 |u http://is.stuba.sk/zp/portal_zp.pl?podrobnosti=124219 
856 4 |u https://opac.crzp.sk/?fn=detailBiblioForm&sid=CB745B58B0F7E53C0059CA6F3E25